000 00841nas a2200301 4500
001 BR0600072
003 BR-BrBNA
005 20231205105739.0
007 ta
008 230509b bl.|||p| |||| 00| 00por d
040 _aBR-BrBNA
_bpor
_cBiblioteca Nacional de Agricultura
041 _a(Pt)
072 _aL73; L40
100 1 _aIlha, M.R. da S.
100 1 _aLoretti, A.P.
100 1 _aBarros, C.S.L. de
245 1 _aSuspeita de febre familiar dos cães Shar-peis Chineses
650 _aCÃO
650 _aDOENÇA ANIMAL
650 _aFEBRE
650 _aHEREDITARIEDADE
650 _aRIM
650 _aHISTOLOGIA ANIMAL
650 _aAUTÓPSIA
773 0 _tCiência Rural (Brazil)
_xISSN 0103-8478
_g(May-Jun 2005), v. 35(3) p. 713-716
_wBR0600072
909 _a202311
_bLúcia
_c55
_dLúcia Elande
942 _2AGRIS
_n0
_cANA
999 _c184467
_d184467